00409nam a2200157Ia 4500001000500000005001700005008004100022041000800063082001600071100004000087245007100127260000900198300002800207650000800235654000800243910520260306160659.0260306t2018||||xx |||||||||||||| ||spa|| aESP a372.66bG15 aGallo Castro, Claudia PatriciaeAUT 0aPedagogía para pensar:buna propuesta desde la danza y el teatro c2018 a106 páginas :c24 cm. aGEN aCED